Statistics for Famous cities in queensland

Click here to take the quiz!

General Stats

  • This quiz has been taken 98 times
    (89 since last reset)
  • The average score is 19 of 60

Answer Stats

City% Correct
Brisbane
100%
Gold coast
95%
Cairns
92%
Townsville
83%
Sunshine coast
81%
Rockhampton
80%
Mt isa
76%
Toowoomba
76%
Mackay
71%
Ipswich
67%
Gladstone
63%
Bundaberg
61%
Hervey bay
51%
Gympie
49%
Emerald
47%
Longreach
45%
Maryborough
40%
Noosa
40%
Bowen
37%
Roma
36%
Charters towers
33%
Port douglas
33%
Innisfail
32%
Cooktown
31%
Weipa
31%
Yeppoon
28%
Ayr
27%
Birdsville
27%
Proserpine
27%
Airlie beach
25%
Ingham
25%
Winton
25%
Tully
23%
Atherton
20%
Blackwater
16%
Coolangatta
15%
Mareeba
15%
Moranbah
15%
Sarina
15%
Cardwell
13%
Clermont
13%
Hamilton island
13%
Barcaldine
12%
Mission beach
12%
Biloela
9%
Gin Gin
9%
Gordonvale
9%
Kuranda
8%
Palm cove
7%
Babinda
5%
Childers
5%
Miriam vale
5%
Calliope
3%
Marlbourough
1%
Millaa Millaa
1%
The gemfields
1%
Agnes waters and 1770
0%
Bouldercombe
0%
Mount morgan
0%
Torres strait
0%

Score Distribution

Percentile by Number Answered

Percent of People with Each Score

Your Score History

You have not taken this quiz since the last reset